[Event "VI Floripa Open 2020"]
[Site "Florianopolis"]
[Date "2020.01.20"]
[Round "1.1"]
[White "Custodio, Leandro"]
[Black "Shirov, Alexei"]
[Result "0-1"]
[WhiteElo "1994"]
[BlackElo "2677"]
[Annotator "TA"]
[PlyCount "62"]
[EventDate "2020.01.20"]
[EventType "swiss"]
[EventCountry "BRA"]
[SourceTitle "playchess.com"]
[Source "ChessBase"]
[SourceQuality "1"]

{[%evp 9,62,-7,-10,-9,-9,-8,0,-7,0,12,34,-23,-34,-43,-47,-47,-47,-50,-50,-39,-24,-70,-42,-64,-55,-62,-49,-58,-58,-87,-86,-82,-85,-123,-129,-125,-105,-104,-101,-101,-86,-89,-93,-129,-127,-128,-124,-125,-110,-143,-114,-171,-116,-222,-202]} 1. Nf3 d5 2. b3 Bg4 3. Ne5 Bf5 4. e3 f6 (4... Nd7 5. Nxd7 Qxd7 6. Bb2 Nf6 7. Be2 e6 8. g4 Bg6 9. d3 O-O-O 10. Nd2 Qe8 11. f4 {0-1 (38) Romanov,E (2640)-Motylev,A (2658) Zuerich 2017}) 5. Nf3 e5 6. Bb2 {A06: Réti Opening:1 Nf3 d5} c5 7. Bb5+ Nc6 $146 ({Predecessor:} 7... Nd7 8. O-O a6 9. Be2 Bd6 10. Nh4 Be6 11. Bg4 {0-1 (50) Kurth,M (2167)-Berg,K (2402) Hamburg 2005}) 8. O-O {The position is equal.} Bd6 9. c4 Bd3 10. Nc3 (10. cxd5 $14 Bxb5 11. dxc6) 10... d4 $36 {[%mdl 2048] Black has good play.} 11. Bxc6+ bxc6 12. Ne2 Ne7 13. Ne1 Bg6 14. d3 a5 15. e4 {[#]} a4 $1 {[%mdl 512]} 16. bxa4 Qa5 17. Bc1 Qxa4 18. Qxa4 Rxa4 19. a3 Kd7 20. Rb1 Raa8 21. Nc2 Rhb8 22. Bd2 f5 23. f3 Nc8 24. Rfc1 Nb6 25. Ng3 f4 26. Nh1 Bf7 27. Nf2 g5 28. Rb3 h5 29. h3 Be6 30. Rcb1 {[#]} (30. Ne1 $17) 30... Kc7 (30... Nxc4 $1 $19 {[%mdl 512]} 31. Rxb8 (31. dxc4 Rxb3) 31... Rxb8 32. Rxb8 Bxb8 33. dxc4 Bxc4) 31. Be1 {[#]} (31. Ne1 $17 {was called for.}) 31... Nxc4 $1 {[%mdl 33280] Accuracy: White = 60%, Black = 74%.} 0-1

[Event "VI Floripa Open 2020"]
[Site "Florianopolis"]
[Date "2020.01.20"]
[Round "1.2"]
[White "Delgado Ramirez, Neuris"]
[Black "De Oliveira, Guilherme Alfredo B"]
[Result "1-0"]
[WhiteElo "2636"]
[BlackElo "1991"]
[Annotator "TA"]
[PlyCount "56"]
[EventDate "2020.01.20"]
[EventType "swiss"]
[EventCountry "BRA"]
[SourceTitle "playchess.com"]
[Source "ChessBase"]
[SourceQuality "1"]

{[%evp 10,56,28,10,35,-4,109,104,97,97,97,79,75,55,47,44,68,62,64,69,67,13,185,203,335,319,396,387,622,633,849,823,876,872,808,587,586,586,575,575,556,583,575,568,562,556,551,543,575]} 1. e4 c5 2. Nf3 d6 3. d4 cxd4 4. Nxd4 Nf6 5. Nc3 a6 6. a3 e6 {B90: Sicilian Najdorf: Unusual White 6th moves, 6 Be3 Ng4 and 6 Be3 e5} (6... g6 7. f3 Bg7 8. Be3 b5 9. Qd2 h5 10. a4 b4 11. Na2 a5 12. c3 bxc3 13. Bb5+ Bd7 14. Nxc3 {1-0 (55) Carlsen,M (2872)-Aronian,L (2775) London 2019}) 7. g4 Be7 (7... e5 $11 8. Nf5 h5) 8. g5 $16 Nfd7 {White is better.} 9. Be3 b5 10. h4 Bb7 11. Qg4 Nc6 12. O-O-O Nce5 13. Qg3 $36 {[%mdl 2048] White has some pressure.} Rc8 $1 14. f4 Rxc3 $1 15. bxc3 (15. fxe5 $14 Rxe3 16. Qxe3 Nxe5 17. Kb1) 15... Bxe4 $146 {[#]} (15... Nc4 $1 $11) ({Predecessor:} 15... Nc4 16. Bxc4 bxc4 17. f5 Qa5 18. fxe6 {1-0 (32) Nestorovic,L (2365)-Bistric,F (2383) Sarajevo 2012}) 16. fxe5 $18 Bxh1 (16... dxe5 {might work better.} 17. Bg2 Bxg2 18. Nxe6 (18. Qxg2 exd4 19. Bxd4 O-O $16) 18... fxe6 19. Qxg2 Bxa3+ 20. Kb1 Qc8) 17. exd6 Bf8 18. Bf4 Qa5 $2 (18... Be4 19. Qe3 Qa8) 19. Bg2 {White is clearly winning.} Qxa3+ 20. Kb1 Bxg2 21. Qxg2 {Qa8+ would kill now.} Bxd6 22. Qa8+ Bb8 {And now ...0-0 would win.} 23. Nxb5 {[%mdl 64] [#] Intending Nc7+ and mate. Pin} ({Worse is} 23. Bxb8 O-O $17) 23... Qc5 24. Nc7+ $1 {[%mdl 64] Double Attack} Ke7 25. Bd6+ Qxd6 26. Rxd6 Kxd6 27. Nxa6 Rd8 28. c4 Bc7 {Accuracy: White = 62%, Black = 44%.} 1-0

[Event "VI Floripa Open 2020"]
[Site "Florianopolis"]
[Date "2020.01.20"]
[Round "1.3"]
[White "Zimmermann, Kleber Renato P."]
[Black "Bachmann, Axel"]
[Result "0-1"]
[WhiteElo "1990"]
[BlackElo "2611"]
[Annotator "TA"]
[PlyCount "35"]
[EventDate "2020.01.20"]
[EventType "swiss"]
[EventCountry "BRA"]
[SourceTitle "playchess.com"]
[Source "ChessBase"]
[SourceQuality "1"]

{[%evp 9,35,-7,-8,-17,0,-43,-7,-26,-19,-12,-26,-53,36,-29,-29,-9,-17,-18,-25,-33,0,0,0,0,73,90,73,-590]} 1. d4 Nf6 2. f4 c5 3. e3 g6 4. Nf3 Bg7 5. Bd3 (5. Be2 O-O 6. O-O d5 7. c3 Nc6 8. Bd2 Qb6 9. Qc1 Bf5 10. Be1 Rac8 11. Nbd2 a5 12. Bh4 a4 13. a3 Ng4 14. Bf2 Nxf2 15. Kxf2 cxd4 16. exd4 Nxd4 17. Nxd4 Bxd4+ {0-1 (32) Dorokhin,M (2364)-Kulaots,K (2562) Tallinn 2019}) 5... O-O 6. O-O {A45: Trompowsky Attack} d6 7. Qe2 Nbd7 8. c3 {The position is equal.} e5 $146 ({Predecessor:} 8... Qc7 9. Nbd2 e5 10. dxe5 dxe5 11. f5 Nb6 12. Ng5 Qe7 13. e4 Ne8 14. Nc4 Bf6 15. Qg4 Ng7 16. Qh4 h5 {½-½ (16) Le Fournier,P (2153)-Rouillon,L (2235) France 2002}) 9. dxe5 dxe5 10. e4 Re8 (10... exf4 $15 11. Bxf4 Nh5) 11. fxe5 ({White should try} 11. Na3 $14) 11... Nxe5 $11 12. Nxe5 Rxe5 13. Bf4 Re8 {[#] White must now prevent ...c4!} 14. Bg5 h6 15. Bxf6 $1 Bxf6 16. Qf3 Be6 (16... Rf8 $11 {keeps the balance.}) 17. Bb5 $16 Be5 18. Bc6 $2 {[%mdl 8192] Accuracy: White = 21%, Black = 23%.} (18. Bxe8 $16 {is necessary to keep the advantage.} Qxe8 19. Qe3) 0-1

[Event "VI Floripa Open 2020"]
[Site "Florianopolis"]
[Date "2020.01.20"]
[Round "1.4"]
[White "Mekhitarian, Krikor Sevag"]
[Black "Maranhao, Jose Renato Ruiz"]
[Result "1-0"]
[WhiteElo "2563"]
[BlackElo "1989"]
[Annotator "TA"]
[PlyCount "50"]
[EventDate "2020.01.20"]
[EventType "swiss"]
[EventCountry "BRA"]
[SourceTitle "playchess.com"]
[Source "ChessBase"]
[SourceQuality "1"]

{[%evp 17,50,0,33,0,75,62,66,64,68,68,66,62,60,57,86,86,70,69,65,65,76,77,88,88,99,62,34,28,49,58,91,19,90,114,211]} 1. c4 Nf6 2. Nc3 g6 3. e4 d6 4. d4 Bg7 5. Nf3 O-O 6. h3 e5 7. d5 a5 8. Be3 Na6 9. Be2 Nd7 10. g4 {E92: King's Indian: Classical: 6 Be2 e5: 7 dxe5, 7 Be3 and Petrosian System without 7...Nbd7} Nac5 (10... Ndc5 $11) (10... Ndc5 11. a3 a4 12. Nd2 f5 13. exf5 gxf5 14. Qc2 Qh4 15. Nf3 Qe7 16. O-O-O Nb3+ 17. Kb1 {½-½ (35) Nepomniachtchi,I (2717)-Grischuk,A (2785) Riga 2013}) 11. Rg1 a4 $146 ({Predecessor:} 11... Kh8 12. Qd2 Nb6 13. O-O-O Bd7 14. b3 f5 15. Qc2 Na6 16. a3 Nc5 17. Kb1 {1-0 (53) Ivanov,J (2465)-Hristodoulou,P (2194) Thessaloniki 2011}) 12. h4 {White is slightly better.} Nf6 13. Nd2 $1 c6 14. h5 Qa5 15. Qc2 Bd7 16. h6 Bh8 17. g5 {[#] aiming for Bxc5.} Ne8 18. a3 f6 19. O-O-O fxg5 20. Rxg5 Nc7 21. Rdg1 Bf6 22. R5g3 Bh4 23. R3g2 b5 24. cxb5 (24. dxc6 $16 Bxc6 25. Nd5) 24... cxb5 (24... Nxb5 $11 25. Bxc5 Nxc3) 25. f4 $16 Nb3+ {Accuracy: White = 70%, Black = 47%.} (25... exf4 $16 {is a better defense.} 26. Bxc5 dxc5) 1-0

[Event "VI Floripa Open 2020"]
[Site "Florianopolis"]
[Date "2020.01.20"]
[Round "1.5"]
[White "Barreiros da Silva, Denison Klein"]
[Black "El Debs, Felipe de Cresce"]
[Result "0-1"]
[WhiteElo "1988"]
[BlackElo "2552"]
[Annotator "TA"]
[PlyCount "37"]
[EventDate "2020.01.20"]
[EventType "swiss"]
[EventCountry "BRA"]
[SourceTitle "playchess.com"]
[Source "ChessBase"]
[SourceQuality "1"]

{[%evp 13,37,26,50,39,65,48,34,17,6,7,5,8,41,0,9,-40,-23,-18,0,-44,-49,-50,-38,-46,-48,-56]} 1. e4 e5 2. Nf3 Nc6 3. Bc4 Nf6 4. d3 Be7 5. O-O O-O 6. Re1 d6 7. c3 Kh8 8. Nbd2 {[%cal Bb1d2,Bd2f1,Bf1g3][%mdl 32] C55: Two Knights: 4 d3, 4 d4 exd4 5 e5 and Max Lange Attack} (8. h3 h6 9. Nbd2 Be6 10. Bb3 a5 11. a4 Bxb3 12. Qxb3 Qc8 13. Nf1 Nd7 14. d4 exd4 15. cxd4 f5 16. exf5 Rxf5 {½-½ (39) Geller,J (2521)-Demchenko,A (2642) Moscow 2019}) 8... Ng8 9. h3 f5 10. Nf1 {White is slightly better.} fxe4 $146 ({Predecessor:} 10... Nf6 11. Ng3 fxe4 12. dxe4 Na5 13. Bb3 Nxb3 14. Qxb3 Qe8 15. Nh4 Nh5 {0-1 (31) Hirst,J (1632)-Jukes,S (1895) Cardiff 2019}) 11. dxe4 Qe8 12. Ng3 Nd8 13. Bd3 Ne6 14. c4 Qf7 15. Be3 a5 16. Qd2 b6 {Black is slightly better.} 17. b3 Nf4 18. Bxf4 Qxf4 19. Nf5 {Accuracy: White = 33%, Black = 61%.} 0-1

[Event "VI Floripa Open 2020"]
[Site "Florianopolis"]
[Date "2020.01.20"]
[Round "1.6"]
[White "Fier, Alexandr"]
[Black "Dalanhol, Joao Vitor"]
[Result "1-0"]
[WhiteElo "2528"]
[BlackElo "1988"]
[Annotator "TA"]
[PlyCount "45"]
[EventDate "2020.01.20"]
[EventType "swiss"]
[EventRounds "10"]
[EventCountry "BRA"]
[SourceTitle "playchess.com"]
[Source "ChessBase"]
[SourceQuality "1"]

{[%evp 18,45,81,75,115,106,116,130,121,112,172,158,181,151,293,285,277,249,222,161,268,113,197,210,339,339,364,360,396,366]} 1. e4 c5 2. Nc3 a6 3. Nge2 d6 4. d4 cxd4 5. Nxd4 g6 6. Be3 Bg7 7. Qd2 Nf6 8. f3 Bd7 9. O-O-O Nc6 10. g4 Rc8 {B75: Sicilian Dragon: Yugoslav Attack, Miscellaneous} 11. h4 h5 {[#]} (11... Ne5 12. h5 Rg8 13. Kb1 b5 14. Bd3 Qa5 15. Rhf1 Be6 16. Nb3 Qc7 17. h6 Bh8 18. g5 Nfd7 19. Bd4 Nxd3 20. Bxh8 Nxb2 21. Nxb5 axb5 22. Bxb2 Nb6 23. Rf2 Qc4 24. Qe3 Na4 {½-½ (24) Shanava,K (2519)-Mamedov,R (2617) Kocaeli 2008}) 12. g5 $1 {[%cal Rg5f6]} Nh7 {White is better.} 13. f4 b5 (13... Bg4 $16) 14. f5 Ne5 15. Nd5 Nc4 $146 (15... O-O $16) ({Predecessor:} 15... O-O 16. Kb1 e6 17. Nf4 Qe8 18. f6 {1-0 (49) Thannheiser,T (2060)-Montag,W (2114) GER email 2007}) 16. Bxc4 $18 bxc4 17. Rhe1 O-O 18. Qf2 e6 (18... c3 {was necessary.}) 19. Nc3 (19. f6 $18 {and the rest is easy.} exd5 20. fxg7 Kxg7 {[#]} 21. Nf5+ $1 {[%mdl 512]} (21. exd5 c3 $16) 21... Bxf5 22. exf5) 19... Rb8 (19... Be5 $16 {is a better defense.}) 20. f6 Bh8 (20... Nxf6 $142 21. gxf6 Bxf6) 21. Nde2 Qc7 22. Bf4 Rb6 23. Qd4 {Accuracy: White = 47%, Black = 18%.} 1-0

[Event "VI Floripa Open 2020"]
[Site "Florianopolis"]
[Date "2020.01.20"]
[Round "1.8"]
[White "Hungaski, Robert"]
[Black "Guimaraes, Artemis Pamela"]
[Result "1-0"]
[WhiteElo "2488"]
[BlackElo "1980"]
[Annotator "ChessBase"]
[PlyCount "71"]
[EventDate "2020.01.20"]
[EventType "swiss"]
[EventRounds "10"]
[EventCountry "BRA"]
[SourceTitle "playchess.com"]
[Source "ChessBase"]
[SourceQuality "1"]
[TimeControl "5400+30"]

1. e4 e5 2. Nf3 Nc6 3. Bc4 Nf6 4. Ng5 d5 5. exd5 Na5 6. Bb5+ c6 7. dxc6 bxc6 8. Bd3 Nd5 9. Nf3 Nf4 10. Bf1 e4 11. d3 Nxd3+ 12. cxd3 exf3 13. Qxf3 Bb4+ 14. Nc3 O-O 15. Be3 Be6 16. Be2 Bd5 17. Qg4 Qe7 18. O-O f5 19. Nxd5 cxd5 20. Qd4 Rad8 21. Rac1 Nb7 22. Bf3 Kh8 23. Qxa7 f4 24. Bd4 Ra8 25. Qb6 Ba5 26. Qc6 Rac8 27. Qxd5 Rxc1 28. Rxc1 Qd6 29. Be5 Qxd5 30. Bxd5 Nd8 31. Rc8 Re8 32. d4 Bb6 33. h4 h6 34. b4 Re7 35. a4 Rd7 36. Bc6 1-0

[Event "VI Floripa Open 2020"]
[Site "Florianopolis"]
[Date "2020.01.20"]
[Round "1.9"]
[White "De Souza Sa, Apolo"]
[Black "Santiago, Yago De Moura"]
[Result "0-1"]
[WhiteElo "1976"]
[BlackElo "2486"]
[Annotator "ChessBase"]
[PlyCount "65"]
[EventDate "2020.01.20"]
[EventType "swiss"]
[EventRounds "10"]
[EventCountry "BRA"]
[SourceTitle "playchess.com"]
[Source "ChessBase"]
[SourceQuality "1"]
[TimeControl "5400+30"]

1. Nf3 Nf6 2. g3 g6 3. c4 Bg7 4. Nc3 O-O 5. Bg2 d5 6. cxd5 Nxd5 7. O-O Nb6 8. d3 Nc6 9. Be3 e5 10. Qc1 Nd4 11. Bh6 Re8 12. Bxg7 Kxg7 13. Nd2 Rb8 14. a4 Bg4 15. Re1 a5 16. Ra3 Bd7 17. e3 Nc6 18. Nde4 Nb4 19. Nc5 c6 20. N3e4 Qe7 21. Rd1 Bg4 22. f3 Bf5 23. g4 Bxe4 24. fxe4 Nd7 25. Nb3 b6 26. Nd2 Qg5 27. Nc4 Qxg4 28. Rf1 Qe6 29. Rf3 Nc5 30. Qf1 f6 31. Bh3 Qe7 32. Nd2 Red8 33. d4 0-1

[Event "VI Floripa Open 2020"]
[Site "Florianopolis"]
[Date "2020.01.20"]
[Round "1.10"]
[White "Perdomo, Leandro"]
[Black "Heinechen, John"]
[Result "1-0"]
[WhiteElo "2476"]
[BlackElo "1974"]
[Annotator "ChessBase"]
[PlyCount "67"]
[EventDate "2020.01.20"]
[EventType "swiss"]
[EventRounds "10"]
[EventCountry "BRA"]
[SourceTitle "playchess.com"]
[Source "ChessBase"]
[SourceQuality "1"]
[TimeControl "5400+30"]

1. d4 Nf6 2. c4 g6 3. Nc3 Bg7 4. e4 d6 5. f3 O-O 6. Be3 Na6 7. Qd2 c5 8. Nge2 cxd4 9. Nxd4 Nc5 10. b4 Ne6 11. Nb3 b6 12. Be2 Bb7 13. O-O Nd7 14. Rad1 Rc8 15. Nd5 f5 16. exf5 Rxf5 17. f4 Bxd5 18. cxd5 Bc3 19. Qd3 Ng7 20. Bd2 Bxd2 21. Qxd2 b5 22. Na5 Qb6+ 23. Kh1 Nf6 24. Bf3 h5 25. Nc6 Rxc6 26. dxc6 Ne6 27. Qe2 Nc7 28. Qxe7 d5 29. Qd8+ Kg7 30. Rde1 Ng4 31. Re7+ Rf7 32. Rxf7+ Kxf7 33. Bxd5+ Kg7 34. Qg8+ 1-0

[Event "VI Floripa Open 2020"]
[Site "Florianopolis"]
[Date "2020.01.20"]
[Round "1.11"]
[White "Portes Junior, Dirceu Atanazio"]
[Black "Rodriguez Vila, Andres"]
[Result "0-1"]
[WhiteElo "1969"]
[BlackElo "2469"]
[Annotator "ChessBase"]
[PlyCount "100"]
[EventDate "2020.01.20"]
[EventType "swiss"]
[EventRounds "10"]
[EventCountry "BRA"]
[SourceTitle "playchess.com"]
[Source "ChessBase"]
[SourceQuality "1"]
[TimeControl "5400+30"]

1. d4 e6 2. c4 Bb4+ 3. Bd2 Qe7 4. Nf3 Nf6 5. g3 Nc6 6. Bg2 Bxd2+ 7. Qxd2 Ne4 8. Qc2 Qb4+ 9. Nc3 Nxc3 10. Qxc3 Qxc3+ 11. bxc3 d6 12. O-O Bd7 13. Rab1 Rb8 14. Nd2 Ke7 15. Rb2 Na5 16. Rfb1 b6 17. e3 c5 18. Bf1 Rbc8 19. d5 Rc7 20. e4 g5 21. Nb3 Nb7 22. f4 Rg8 23. Kh1 gxf4 24. gxf4 e5 25. f5 Rg5 26. Bd3 f6 27. Rg1 Rxg1+ 28. Kxg1 Kf8 29. Rg2 b5 30. a3 a5 31. Rb2 b4 32. cxb4 cxb4 33. axb4 axb4 34. Nc1 Nc5 35. Rxb4 Ra7 36. Bc2 Ke7 37. Rb2 Ra3 38. Nb3 Na4 39. Rb1 Ra2 40. Rc1 Be8 41. Na5 Nc5 42. Nb3 Na4 43. Na5 Nb6 44. Nc6+ Bxc6 45. dxc6 Kd8 46. c5 dxc5 47. Bb3 Ra5 48. Bd5 Kc7 49. Rc3 c4 50. Bxc4 Rc5 0-1

[Event "VI Floripa Open 2020"]
[Site "Florianopolis"]
[Date "2020.01.20"]
[Round "1.12"]
[White "Matsuura, Everaldo"]
[Black "Goncalves, Ruan Lucas Alves"]
[Result "1-0"]
[WhiteElo "2433"]
[BlackElo "1966"]
[Annotator "ChessBase"]
[PlyCount "45"]
[EventDate "2020.01.20"]
[EventType "swiss"]
[EventRounds "10"]
[EventCountry "BRA"]
[SourceTitle "playchess.com"]
[Source "ChessBase"]
[SourceQuality "1"]
[TimeControl "5400+30"]

1. e4 c5 2. Nf3 d6 3. d4 cxd4 4. Nxd4 Nf6 5. Nc3 a6 6. f3 e5 7. Nb3 Be6 8. Be3 Nbd7 9. g4 b5 10. g5 Nh5 11. Qd2 Nb6 12. Nd5 Bxd5 13. exd5 Nf4 14. Bxf4 exf4 15. O-O-O Be7 16. h4 O-O 17. Nd4 Qc7 18. Nc6 Rac8 19. Bh3 f5 20. Rhe1 Rce8 21. Re6 Bd8 22. Qe2 Qf7 23. Re1 1-0

[Event "VI Floripa Open 2020"]
[Site "Florianopolis"]
[Date "2020.01.20"]
[Round "1.13"]
[White "Molina, Roberto Junio Brito"]
[Black "Maiberg, Wellington Gubiani"]
[Result "1/2-1/2"]
[WhiteElo "2431"]
[BlackElo "1960"]
[Annotator "ChessBase"]
[PlyCount "70"]
[EventDate "2020.01.20"]
[EventType "swiss"]
[EventRounds "10"]
[EventCountry "BRA"]
[SourceTitle "playchess.com"]
[Source "ChessBase"]
[SourceQuality "1"]
[TimeControl "5400+30"]

1. e4 c5 2. Nf3 e6 3. d4 cxd4 4. Nxd4 Nf6 5. Nc3 Bb4 6. e5 Nd5 7. Bd2 Nxc3 8. bxc3 Be7 9. Qg4 g6 10. h4 a6 11. h5 Rf8 12. hxg6 hxg6 13. Bd3 Qc7 14. f4 Nc6 15. Rh7 d6 16. Nxc6 Qxc6 17. exd6 Bxd6 18. Qe2 Qb6 19. Be3 Bc5 20. Bxc5 Qxc5 21. Qe5 Qxe5+ 22. fxe5 Bd7 23. O-O-O Bc6 24. Rf1 Rd8 25. Rf6 Rd5 26. g4 Rxe5 27. Rhxf7 Rxf7 28. Bxg6 Rg5 29. Bxf7+ Ke7 30. Rf4 e5 31. Rf2 Rxg4 32. Bb3 Rg2 33. Rf7+ Kd6 34. Rf6+ Kc5 35. Rf5 Kd6 1/2-1/2

[Event "VI Floripa Open 2020"]
[Site "Florianopolis"]
[Date "2020.01.20"]
[Round "1.14"]
[White "Araujo, Everson De Moura"]
[Black "Languidey, Simon Alejandro"]
[Result "0-1"]
[WhiteElo "1958"]
[BlackElo "2425"]
[Annotator "ChessBase"]
[PlyCount "59"]
[EventDate "2020.01.20"]
[EventType "swiss"]
[EventRounds "10"]
[EventCountry "BRA"]
[SourceTitle "playchess.com"]
[Source "ChessBase"]
[SourceQuality "1"]
[TimeControl "5400+30"]

1. c4 e5 2. Nc3 Nf6 3. Nf3 Nc6 4. g3 d5 5. cxd5 Nxd5 6. d3 Be7 7. Bg2 Nb6 8. O-O O-O 9. a3 Be6 10. b4 a5 11. b5 Nd4 12. Be3 f6 13. Nd2 Rb8 14. Re1 Qd7 15. Na4 Nxa4 16. Qxa4 Qxb5 17. Qxb5 Nxb5 18. Rec1 Bxa3 19. Rxa3 Nxa3 20. Bc5 Nb5 21. Bxf8 Kxf8 22. Ra1 b6 23. e3 Ke7 24. Nc4 Nd6 25. Nb2 c5 26. Bc6 Rc8 27. Bf3 c4 28. dxc4 Nxc4 29. Nd1 b5 30. Be2 0-1

[Event "VI Floripa Open 2020"]
[Site "Florianopolis"]
[Date "2020.01.20"]
[Round "1.15"]
[White "Umetsubo, Cesar Hidemitsu"]
[Black "Marques, Eudes Pinto"]
[Result "1-0"]
[WhiteElo "2385"]
[BlackElo "1955"]
[Annotator "ChessBase"]
[PlyCount "67"]
[EventDate "2020.01.20"]
[EventType "swiss"]
[EventRounds "10"]
[EventCountry "BRA"]
[SourceTitle "playchess.com"]
[Source "ChessBase"]
[SourceQuality "1"]
[TimeControl "5400+30"]

1. d4 Nf6 2. c4 e6 3. Nc3 c5 4. d5 exd5 5. cxd5 d6 6. e4 a6 7. f4 b5 8. e5 Qe7 9. Nf3 Nbd7 10. Qe2 dxe5 11. fxe5 Ng4 12. Bf4 g6 13. h3 Nh6 14. Ne4 Bg7 15. Bg5 f6 16. exf6 Nxf6 17. Nxf6+ Bxf6 18. Bxf6 Qxe2+ 19. Bxe2 O-O 20. Be7 Re8 21. Bxc5 Nf5 22. Kf2 Bb7 23. Rad1 Rxe2+ 24. Kxe2 Ng3+ 25. Kd3 Nxh1 26. Rxh1 Bxd5 27. b3 Rd8 28. Bd4 Be6 29. Rc1 Bf5+ 30. Ke3 Re8+ 31. Ne5 h5 32. Rc7 g5 33. Kd2 Be4 34. Nd7 1-0

[Event "VI Floripa Open 2020"]
[Site "Florianopolis"]
[Date "2020.01.20"]
[Round "1.16"]
[White "Baeta, Marcio Netto"]
[Black "Coro, Lucas"]
[Result "0-1"]
[WhiteElo "1953"]
[BlackElo "2366"]
[Annotator "ChessBase"]
[PlyCount "97"]
[EventDate "2020.01.20"]
[EventType "swiss"]
[EventRounds "10"]
[EventCountry "BRA"]
[SourceTitle "playchess.com"]
[Source "ChessBase"]
[SourceQuality "1"]
[TimeControl "5400+30"]

1. d4 Nf6 2. c4 g6 3. Nc3 Bg7 4. e4 d6 5. Nf3 O-O 6. Be2 e5 7. dxe5 dxe5 8. Qxd8 Rxd8 9. Bg5 Na6 10. Nd5 Rd6 11. Bxf6 Bxf6 12. O-O-O Bg4 13. h3 Bxf3 14. Nxf6+ Rxf6 15. Bxf3 Rc6 16. Be2 Nc5 17. Rd5 f6 18. f3 Ne6 19. Bf1 Rd8 20. Kd2 Rcd6 21. Ke3 Kg7 22. g3 c6 23. Rxd6 Rxd6 24. Be2 Rd4 25. Rd1 h5 26. h4 Rxd1 27. Bxd1 g5 28. b4 gxh4 29. gxh4 Nf4 30. Be2 Ng2+ 31. Kf2 Nxh4 32. f4 Kh6 33. f5 Kg5 34. Kg3 a6 35. c5 Nxf5+ 36. exf5 e4 37. Bf1 h4+ 38. Kh3 Kxf5 39. Kxh4 Kf4 40. Be2 Ke3 41. Bg4 Kf2 42. Kh5 e3 43. Kg6 e2 44. Bxe2 Kxe2 45. Kxf6 Kd3 46. Kf5 Kc4 47. a3 Kb3 48. Ke4 Kxa3 49. Kd4 0-1

[Event "VI Floripa Open 2020"]
[Site "Florianopolis"]
[Date "2020.01.20"]
[Round "1.17"]
[White "Labussiere, Victor"]
[Black "Reichert, Thiago Da Cruz"]
[Result "0-1"]
[WhiteElo "2363"]
[BlackElo "1948"]
[Annotator "ChessBase"]
[PlyCount "77"]
[EventDate "2020.01.20"]
[EventType "swiss"]
[EventRounds "10"]
[EventCountry "BRA"]
[SourceTitle "playchess.com"]
[Source "ChessBase"]
[SourceQuality "1"]
[TimeControl "5400+30"]

1. c4 Nf6 2. Nf3 e6 3. g3 b6 4. Bg2 Bb7 5. O-O Be7 6. d4 O-O 7. Re1 c5 8. d5 exd5 9. Nh4 Re8 10. cxd5 Bf8 11. Nc3 g6 12. e4 d6 13. f4 Nbd7 14. Nf3 b5 15. Qc2 b4 16. Nd1 Nb6 17. Nf2 Bg7 18. Be3 a5 19. Rad1 a4 20. g4 b3 21. axb3 axb3 22. Qb1 Ra2 23. Nd2 Nbd7 24. e5 dxe5 25. Nxb3 Qa8 26. Bxc5 Qa4 27. Ba3 Qxb3 28. Rd3 Rxa3 29. Rxb3 Rxb3 30. d6 Bxg2 31. Kxg2 Rbb8 32. Re2 Nd5 33. Nd3 Nc3 34. Qc2 Nxe2 35. Qc6 Nxf4+ 36. Nxf4 exf4 37. Qxd7 Red8 38. Qc6 Rxb2+ 39. Kg1 {ilegível} 0-1

[Event "VI Floripa Open 2020"]
[Site "Florianopolis"]
[Date "2020.01.20"]
[Round "1.18"]
[White "Okamura, Milton Kasuo"]
[Black "Cadilhac, Igor Tokuichi Kikuch"]
[Result "0-1"]
[WhiteElo "1946"]
[BlackElo "2349"]
[Annotator "ChessBase"]
[PlyCount "52"]
[EventDate "2020.01.20"]
[EventType "swiss"]
[EventRounds "10"]
[EventCountry "BRA"]
[SourceTitle "playchess.com"]
[Source "ChessBase"]
[SourceQuality "1"]
[TimeControl "5400+30"]

1. d4 Nf6 2. c4 e6 3. Nc3 Bb4 4. e3 c5 5. Nge2 cxd4 6. exd4 d5 7. a3 Be7 8. c5 a5 9. Rb1 Nc6 10. f4 b6 11. b4 axb4 12. axb4 bxc5 13. bxc5 O-O 14. g3 Ba6 15. Bg2 Qa5 16. Bd2 Qc7 17. O-O Rfb8 18. Rxb8+ Rxb8 19. Kh1 Rb4 20. Be3 Ng4 21. Bg1 Bf6 22. h3 Nh6 23. g4 Nxd4 24. g5 Nxe2 25. Nxe2 Nf5 26. gxf6 Bxe2 0-1

[Event "VI Floripa Open 2020"]
[Site "Florianopolis"]
[Date "2020.01.20"]
[Round "1.19"]
[White "Aranha Filho, Alvaro Z."]
[Black "Souza, Atahander"]
[Result "1-0"]
[WhiteElo "2340"]
[BlackElo "1946"]
[Annotator "ChessBase"]
[PlyCount "90"]
[EventDate "2020.01.20"]
[EventType "swiss"]
[EventRounds "10"]
[EventCountry "BRA"]
[SourceTitle "playchess.com"]
[Source "ChessBase"]
[SourceQuality "1"]
[TimeControl "5400+30"]

1. d4 Nf6 2. c4 e5 3. dxe5 Ng4 4. e3 Nxe5 5. Nh3 Be7 6. Be2 O-O 7. Nc3 Re8 8. O-O d6 9. Nf4 Nbd7 10. Nfd5 Bf8 11. e4 Ng6 12. Be3 Nc5 13. Qc2 c6 14. Nf4 Ne5 15. Rad1 Qc7 16. b3 a5 17. f3 Bd7 18. Nh5 Rad8 19. h3 Bc8 20. Qd2 f6 21. Qe1 Qf7 22. Ng3 Ng6 23. Qf2 Ne5 24. f4 Ng6 25. Bh5 f5 26. exf5 Bxf5 27. Nxf5 Qxf5 28. g4 Qc8 29. f5 Ne5 30. Bxe8 Rxe8 31. Bxc5 dxc5 32. Rfe1 b5 33. Re3 bxc4 34. Qe2 Qc7 35. Re1 Bd6 36. Ne4 Be7 37. bxc4 Bh4 38. Nf2 Bg3 39. Rxg3 Nf3+ 40. Rxf3 Rxe2 41. Rxe2 h5 42. g5 Kh7 43. f6 Qf7 44. Re7 Qxc4 45. Rxg7+ Kh8 1-0